| 000 | 01368nam0a2200373 4500 | ||
|---|---|---|---|
| 001 | RU\NLR\BIBL_A\016295727 | ||
| 005 | 20250625031221.0 | ||
| 010 |
_a978-5-4469-1958-1 _9300 |
||
| 021 |
_aRU _b2023-2159 _9КН-П-197 |
||
| 035 | _a(RuMoRGB)011533677 | ||
| 035 | _a(NLR Aleph) 016295727 | ||
| 090 |
_a12958287 _c12958287 |
||
| 100 | _a20230222d2022 |||y0rusy50 ca | ||
| 101 | 0 | _arus | |
| 102 | _aRU | ||
| 105 | _ay z 000zy | ||
| 181 | 0 |
_ai4 _baxxe |
|
| 182 | 0 | _an | |
| 200 | 1 |
_aКапитализм, коммунизм и социализм _eвзгляд на историю общественной мысли _fЧжан Ифэй |
|
| 203 |
_aТекст _bвизуальный _cнепосредственный |
||
| 210 |
_aСанкт-Петербург _cСвет _cНестор-История _d2022 |
||
| 215 |
_a225 с. _d25 |
||
| 320 | _aБиблиогр.: с. 213-223 и в подстроч. примеч. | ||
| 606 | 1 |
_aКапитализм _xСоциально-философские вопросы _92628182 _3RU\NLR\AUTH\661564742 |
|
| 606 | 1 |
_aСоциализм и коммунизм _9932988 _3RU\NLR\AUTH\66343849 |
|
| 686 | 1 | _aС556 | |
| 686 | 1 | _aС558 | |
| 686 | 1 | _aА88 | |
| 686 | 1 | _aА.г(5Кит) | |
| 700 | 0 | _aЧжан Ифэй | |
| 942 | _cBOOK | ||
| 980 | _aNB | ||